000 00625nam a22002297a 4500
005 20180803170323.0
008 160729b xxu||||| |||| 00| 0 spa d
040 _aCO-BoIAVH
_cCO-BoIAVH
041 _aspa
044 _ack
082 _a925
_bA62m
100 1 _aAntei, Giorgio
245 1 0 _aMedida x Medida
_bLa Epopeya Americana de Agustín Codazzi
260 _a(s.l):
_b(s.i),
_c(s.f).
300 _a13 Paginas
_c29 x 18 cm
600 _aCodazzi, Agustin
650 1 4 _aManuscritos
650 1 4 _aMapas
650 1 4 _aViajes
650 1 4 _aHistoria
942 _2ddc
_cLIBRO
999 _c18940
_d18940